[Event "13th Pan-American ch"]
[Site "San Felipe VEN"]
[Date "1998.10.25"]
[Round "1"]
[White "Dumont, Sadi Glasser"]
[Black "Leitao, Rafael"]
[Result "1/2-1/2"]
[WhiteElo "2365"]
[BlackElo "2550"]
[EventDate "1998.10.25"]
[PlyCount "83"]

1.e4 c5 2.Nf3 d6 3.c3 Nf6 4.Be2 Nbd7 5.d3 c4 6.Nbd2 cxd3 7.Bxd3 g6 8.O-O 
Bg7 9.Re1 O-O 10.a4 d5 11.exd5 Nxd5 12.Nc4 Qc7 13.Bf1 N7f6 14.Nfe5 Bf5 15.
g4 Be6 16.h3 Rfd8 17.Qe2 Rac8 18.f4 Nd7 19.Qf2 Qc5 20.Nxd7 Qxf2+ 21.Kxf2 
Bxd7 22.Ne5 Be8 23.a5 Rd6 24.Bg2 Bb5 25.Be4 g5 26.Nf3 Nxf4 27.Bxf4 gxf4 
28.Bxb7 Rb8 29.a6 e6 30.Re4 Rb6 31.Rxf4 Bc6 32.Bxc6 Rxc6 33.Ra2 Rcb6 34.
Ke3 Rxb2 35.Rxb2 Rxb2 36.Rb4 Ra2 37.Rb8+ Bf8 38.Ne5 Kg7 39.Rb7 Rxa6 40.
Rxf7+ Kg8 41.Rb7 h6 42.Ke4 1/2-1/2

[Event "13th Pan-American ch"]
[Site "San Felipe VEN"]
[Date "1998.10.26"]
[Round "2"]
[White "Rohl Montes, Juan"]
[Black "Paschall, William"]
[Result "0-1"]
[WhiteElo "2330"]
[BlackElo "2365"]
[EventDate "1998.10.25"]
[PlyCount "80"]

1.e4 c5 2.Nf3 g6 3.c3 d5 4.exd5 Qxd5 5.Na3 Nf6 6.Bc4 Qe4+ 7.Be2 Bg7 8.Nb5 
Na6 9.O-O O-O 10.Re1 Nd5 11.d4 Qf5 12.Ne5 cxd4 13.cxd4 Qe6 14.Bc4 Qb6 15.
Bxd5 Qxb5 16.Bc4 Qb6 17.Nxf7 e6 18.Ne5 Nc7 19.Nf3 Bd7 20.Qb3 Qxb3 21.Bxb3 
Bc6 22.Ne5 Bd5 23.Bxd5 exd5 24.Be3 Ne6 25.Nf3 Rac8 26.Rac1 Kf7 27.Kf1 b5 
28.b3 Rfe8 29.h4 h5 30.g3 Bf6 31.Red1 a6 32.Kg2 Be7 33.Rxc8 Rxc8 34.Rc1 
Rxc1 35.Bxc1 Bf6 36.Ng5+ Ke7 37.Nxe6 Kxe6 38.Be3 Kf5 39.f3 Ke6 40.Kf2 Kd6 
0-1

[Event "13th Pan-American ch"]
[Site "San Felipe VEN"]
[Date "1998.10.27"]
[Round "3"]
[White "Dumont, Sadi Glasser"]
[Black "Rohl Montes, Juan"]
[Result "0-1"]
[WhiteElo "2365"]
[BlackElo "2330"]
[EventDate "1998.10.25"]
[PlyCount "90"]

1.e4 c5 2.Nf3 e6 3.d3 d5 4.Nbd2 Nc6 5.g3 Bd6 6.Bg2 Nge7 7.O-O O-O 8.Re1 b6
9.h4 f6 10.h5 Rb8 11.Nh4 b5 12.a4 b4 13.f4 Bc7 14.Kh2 f5 15.exd5 Nxd5 16.
Nhf3 Nf6 17.Nc4 Qe8 18.Be3 Qxh5+ 19.Kg1 Ng4 20.Bxc5 Rf6 21.c3 g5 22.Bd6 
Bxd6 23.Nxd6 gxf4 24.Nxc8 Rxc8 25.gxf4 bxc3 26.bxc3 Ne7 27.Qb3 Nd5 28.Rxe6
Rxe6 29.Qxd5 Re8 30.Re1 Qf7 31.Rxe6 Qxe6 32.Nd4 Qxd5 33.Bxd5+ Kf8 34.Be6 
Nh6 35.Kf2 Rb8 36.Nxf5 Nxf5 37.Bxf5 h5 38.Ke3 Ke7 39.d4 Rb3 40.Kd3 Ra3 41.
d5 Rxa4 42.c4 Kd6 43.Kd4 Rb4 44.Be4 a5 45.f5 a4 0-1

[Event "13th Pan-American ch"]
[Site "San Felipe VEN"]
[Date "1998.10.27"]
[Round "3"]
[White "Ginzburg, Maximiliano"]
[Black "Sequera Paolini, Jose"]
[Result "1-0"]
[WhiteElo "2490"]
[BlackElo "2340"]
[EventDate "1998.10.25"]
[PlyCount "81"]

1.e4 e6 2.d4 d5 3.e5 b6 4.c3 Qd7 5.Nf3 Ba6 6.Bxa6 Nxa6 7.Qe2 Nb8 8.Be3 Ne7
9.Nbd2 Nf5 10.O-O c5 11.g4 cxd4 12.gxf5 dxe3 13.Qxe3 exf5 14.b4 Be7 15.Nb3
Na6 16.Rad1 Nc7 17.Rd3 O-O 18.Rfd1 Rad8 19.Nbd4 g6 20.h4 Ne6 21.Ne2 Qb7 
22.h5 Rd7 23.Nfd4 Ng5 24.Nf4 Re8 25.Nh3 Ne4 26.Qf4 f6 27.e6 Rd6 28.hxg6 
hxg6 29.Qh6 Bf8 30.Qxg6+ Qg7 31.Qxg7+ Bxg7 32.f3 Ng3 33.Kf2 Nh5 34.Re1 f4 
35.e7 Rd7 36.Nf5 Kf7 37.c4 d4 38.c5 bxc5 39.bxc5 Rexe7 40.Nxe7 Rc7 41.c6 
1-0

[Event "13th Pan-American ch"]
[Site "San Felipe VEN"]
[Date "1998.10.27"]
[Round "3"]
[White "Paschall, William"]
[Black "Garcia, Gildardo"]
[Result "1/2-1/2"]
[WhiteElo "2365"]
[BlackElo "2510"]
[EventDate "1998.10.25"]
[PlyCount "64"]

1.d4 Nf6 2.c4 e6 3.Nc3 Bb4 4.e3 c5 5.Ne2 cxd4 6.exd4 O-O 7.a3 Be7 8.g3 d5 
9.cxd5 Nxd5 10.Bg2 Nxc3 11.Nxc3 Nc6 12.d5 exd5 13.Nxd5 Bc5 14.O-O Be6 15.
Be3 Bxe3 16.Nxe3 Qb6 17.b4 a5 18.bxa5 Rxa5 19.Qb1 Rb5 20.Qe4 Rd8 21.Rfb1 
h6 22.Rxb5 Qxb5 23.Rb1 Qa6 24.Qc2 Nd4 25.Qc7 Rd7 26.Qb8+ Kh7 27.Rxb7 Qxa3 
28.Be4+ g6 29.Rxd7 Bxd7 30.Nd5 Nf3+ 31.Bxf3 Qxf3 32.Qd6 Be6 1/2-1/2

[Event "13th Pan-American ch"]
[Site "San Felipe VEN"]
[Date "1998.10.29"]
[Round "4"]
[White "Ginzburg, Maximiliano"]
[Black "Serper, Grigory"]
[Result "1/2-1/2"]
[WhiteElo "2490"]
[BlackElo "2535"]
[EventDate "1998.10.25"]
[PlyCount "50"]

1.e4 c5 2.Nf3 d6 3.c3 Nf6 4.h3 g6 5.Bd3 Bg7 6.Bc2 e5 7.d4 exd4 8.cxd4 O-O 
9.O-O Nc6 10.d5 Nb4 11.Nc3 Nxc2 12.Qxc2 Re8 13.Re1 Nh5 14.Bg5 Bf6 15.Bd2 
Bg7 16.a4 Bd7 17.Qd3 h6 18.g4 Nf6 19.Bf4 Nh7 20.Nd2 Be5 21.Bxe5 dxe5 22.
Nc4 h5 23.gxh5 Qg5+ 24.Qg3 Qxh5 25.Kg2 Kg7 1/2-1/2

[Event "13th Pan-American ch"]
[Site "San Felipe VEN"]
[Date "1998.10.29"]
[Round "4"]
[White "Rohl Montes, Juan"]
[Black "Leitao, Rafael"]
[Result "0-1"]
[WhiteElo "2330"]
[BlackElo "2550"]
[EventDate "1998.10.25"]
[PlyCount "62"]

1.e4 c5 2.Nf3 d6 3.d4 cxd4 4.Nxd4 Nf6 5.Nc3 a6 6.Be2 e5 7.Nb3 Be7 8.O-O 
O-O 9.Kh1 Nbd7 10.a4 b6 11.Be3 Bb7 12.f3 Rc8 13.Rf2 Rc7 14.Bf1 Qa8 15.Rd2 
h6 16.Nc1 Rxc3 17.bxc3 d5 18.c4 dxe4 19.Rxd7 Nxd7 20.Qxd7 exf3 21.Kg1 fxg2
22.Be2 Bf6 23.Qg4 Be7 24.Qd7 Bf6 25.Qg4 Be7 26.Qd7 Bh4 27.Qg4 Qd8 28.Bxh6 
g5 29.Bf3 f5 30.Bxg5 fxg4 31.Bxd8 Rxf3 0-1

[Event "13th Pan-American ch"]
[Site "San Felipe VEN"]
[Date "1998.10.29"]
[Round "4"]
[White "Sequera Paolini, Jose"]
[Black "Ivanov, Alexander"]
[Result "0-1"]
[WhiteElo "2340"]
[BlackElo "2510"]
[EventDate "1998.10.25"]
[PlyCount "82"]

1.e4 g6 2.d4 Bg7 3.Nf3 d6 4.Be3 Nf6 5.Nc3 a6 6.a4 O-O 7.h3 d5 8.e5 Ne4 9.
Bd3 Nxc3 10.bxc3 c5 11.Qd2 Nc6 12.h4 h5 13.O-O Qa5 14.Rfb1 Bg4 15.Qe1 Bxf3
16.gxf3 Rab8 17.Rb2 e6 18.Rab1 Rfc8 19.f4 Bf8 20.dxc5 Qc7 21.Rb6 Be7 22.
R1b2 Nd8 23.Qb1 Bxc5 24.Bxc5 Qxc5 25.R2b3 Qe7 26.Qe1 Qxh4 27.Qe3 Rc6 28.
Bxa6 Rxb6 29.Rxb6 Ra8 30.Bb5 Rc8 31.Rd6 Nc6 32.Qb6 Ne7 33.Qxb7 Rxc3 34.Bd3
Ra3 35.Kf1 Ra1+ 36.Ke2 Qg4+ 37.Kd2 Qd1+ 38.Kc3 Qc1 39.Kd4 Qxf4+ 40.Kc5 
Qxf2+ 41.Kb5 Rb1+ 0-1

[Event "13th Pan-American ch"]
[Site "San Felipe VEN"]
[Date "1998.10.30"]
[Round "5"]
[White "Ivanov, Alexander"]
[Black "Rohl Montes, Juan"]
[Result "1-0"]
[WhiteElo "2510"]
[BlackElo "2330"]
[EventDate "1998.10.25"]
[PlyCount "54"]

1.e4 e5 2.Nf3 Nc6 3.Bb5 Nf6 4.Qe2 Bc5 5.c3 O-O 6.d3 Re8 7.Bg5 h6 8.Bh4 Be7
9.Bg3 d6 10.h3 Bd7 11.Nbd2 Bf8 12.Bh4 Be7 13.Bg3 a6 14.Ba4 Nh7 15.O-O Bf6 
16.Bb3 Nf8 17.Nc4 Ne7 18.Ne3 Neg6 19.Rad1 Ne6 20.d4 Nef4 21.Qc2 Qc8 22.
dxe5 Bxe5 23.Nxe5 dxe5 24.Nf5 Be6 25.Rd2 a5 26.Rfd1 Ne7 27.Ba4 Nxf5 1-0

[Event "13th Pan-American ch"]
[Site "San Felipe VEN"]
[Date "1998.10.30"]
[Round "5"]
[White "Leitao, Rafael"]
[Black "Garcia, Gildardo"]
[Result "1/2-1/2"]
[WhiteElo "2550"]
[BlackElo "2510"]
[EventDate "1998.10.25"]
[PlyCount "30"]

1.d4 Nf6 2.c4 e6 3.Nc3 Bb4 4.Qc2 b6 5.a3 Bxc3+ 6.Qxc3 d6 7.Bg5 Bb7 8.Nf3 
a6 9.e3 h6 10.Bh4 g5 11.Bg3 Ne4 12.Qc2 f5 13.Bd3 Qf6 14.O-O-O Nd7 15.d5 
Ndc5 1/2-1/2

[Event "13th Pan-American ch"]
[Site "San Felipe VEN"]
[Date "1998.10.30"]
[Round "5"]
[White "Paschall, William"]
[Black "Ginzburg, Maximiliano"]
[Result "1/2-1/2"]
[WhiteElo "2365"]
[BlackElo "2490"]
[EventDate "1998.10.25"]
[PlyCount "82"]

1.d4 f5 2.Nc3 d5 3.Bf4 c6 4.Qd2 Nf6 5.f3 e6 6.a3 Be7 7.Nh3 Nbd7 8.e4 O-O 
9.e5 Nh5 10.Bg5 c5 11.f4 g6 12.Be2 Ng7 13.O-O a6 14.Bxe7 Qxe7 15.Nd1 cxd4 
16.Qxd4 Nc5 17.Ne3 b5 18.Nf2 Bb7 19.Nd3 Rfc8 20.Nxc5 Qxc5 21.Rfd1 Kf7 22.
c3 Ke7 23.a4 Qxd4 24.Rxd4 Bc6 25.axb5 Bxb5 26.Bxb5 axb5 27.Rxa8 Rxa8 28.
Rb4 Ra4 29.Nc2 Rxb4 30.Nxb4 Kd7 31.Kf2 Kc7 32.Ke3 Kb6 33.Kd4 h6 34.b3 g5 
35.g3 g4 36.Nd3 Kc6 37.Nc5 Kc7 38.c4 bxc4 39.bxc4 dxc4 40.Kxc4 Kc6 41.Kd4 
Kc7 1/2-1/2

[Event "13th Pan-American ch"]
[Site "San Felipe VEN"]
[Date "1998.10.30"]
[Round "5"]
[White "Serper, Grigory"]
[Black "Sequera Paolini, Jose"]
[Result "1-0"]
[WhiteElo "2535"]
[BlackElo "2340"]
[EventDate "1998.10.25"]
[PlyCount "61"]

1.c4 e6 2.Nc3 d5 3.d4 f5 4.Nf3 c6 5.Bf4 Nf6 6.e3 Be7 7.Bd3 O-O 8.Qc2 Ne4 
9.g4 Qa5 10.Ke2 Kh8 11.Rhg1 Nd7 12.Rg2 Ndf6 13.Rag1 Ne8 14.Ne5 N4d6 15.c5 
Ne4 16.f3 Nxc3+ 17.bxc3 Bf6 18.h4 Qd8 19.h5 Be7 20.gxf5 exf5 21.h6 Bf6 22.
hxg7+ Nxg7 23.Bh6 Qe7 24.Bxg7+ Bxg7 25.Rxg7 Qxg7 26.Rxg7 Kxg7 27.Qb1 Kh8 
28.Qh1 Kg7 29.Qh4 Be6 30.Qe7+ Bf7 31.Bxf5 1-0

[Event "13th Pan-American ch"]
[Site "San Felipe VEN"]
[Date "1998.11.02"]
[Round "7"]
[White "Leitao, Rafael"]
[Black "Ginzburg, Maximiliano"]
[Result "0-1"]
[WhiteElo "2550"]
[BlackElo "2490"]
[EventDate "1998.10.25"]
[PlyCount "82"]

1.d4 Nf6 2.c4 c5 3.d5 e6 4.Nc3 exd5 5.cxd5 d6 6.e4 g6 7.f4 Bg7 8.Bb5+ Nfd7
9.a4 O-O 10.Nf3 Na6 11.O-O Nc7 12.Bxd7 Bxd7 13.f5 gxf5 14.Bg5 f6 15.Bf4 
Ne8 16.Qd2 a6 17.Rae1 b5 18.Nh4 bxa4 19.Ne2 fxe4 20.Ng3 f5 21.Bg5 Bd4+ 22.
Kh1 e3 23.Qxe3 Bxe3 24.Bxd8 Rxd8 25.Rxe3 Ng7 26.Ree1 Rde8 27.b3 Rxe1 28.
Rxe1 Kf7 29.Kg1 Kf6 30.Kf2 Re8 31.Rd1 f4 32.Ne2 Nf5 33.Nf3 Ne3 34.Rd2 Ng4+
35.Kg1 Re3 36.Rb2 Ne5 37.Nxf4 Nxf3+ 38.gxf3 Bf5 39.Nh5+ Ke5 40.Rd2 Rxb3 
41.Kg2 Bg6 0-1

[Event "13th Pan-American ch"]
[Site "San Felipe VEN"]
[Date "1998.11.02"]
[Round "7"]
[White "Paschall, William"]
[Black "Sequera Paolini, Jose"]
[Result "1-0"]
[WhiteElo "2365"]
[BlackElo "2340"]
[EventDate "1998.10.25"]
[PlyCount "115"]

1.d4 d5 2.c4 e6 3.Nc3 f5 4.Nf3 c6 5.Bf4 Nf6 6.e3 Be7 7.Bd3 a6 8.h3 b5 9.c5
Nbd7 10.g4 Ne4 11.gxf5 exf5 12.h4 Bf6 13.Ne2 Qe7 14.Qc2 Nf8 15.Be5 Ne6 16.
Bxf6 Qxf6 17.Ne5 O-O 18.f4 Nd8 19.Ng1 Qe7 20.Ngf3 Rf6 21.O-O-O Bd7 22.h5 
Rh6 23.Rh3 Be8 24.Rdh1 Ne6 25.Kb1 a5 26.Qg2 a4 27.Ka1 a3 28.b3 Qd8 29.Bxe4
dxe4 30.Ng5 Ra7 31.Nxe6 Rxe6 32.h6 g6 33.b4 Ra4 34.Rb1 Bf7 35.Qc2 Qd5 36.
Rh2 Kf8 37.Qf2 Re8 38.Qh4 Qe6 39.d5 cxd5 40.c6 Rc8 41.Rc2 Ke8 42.Qh2 Ra7 
43.Qd2 g5 44.Qd4 Re7 45.Nxf7 Rxf7 46.fxg5 Rxc6 47.Rc5 Rd6 48.Rbc1 Rd8 49.
Rc6 Qe7 50.g6 hxg6 51.Rxg6 Rd6 52.Rg8+ Kd7 53.Qa7+ Ke6 54.Rg6+ Rf6 55.Rc7 
Qf8 56.Rgg7 f4 57.Rce7+ Kf5 58.Qd4 1-0

[Event "13th Pan-American ch"]
[Site "San Felipe VEN"]
[Date "1998.11.02"]
[Round "7"]
[White "Rohl Montes, Juan"]
[Black "Garcia, Gildardo"]
[Result "1/2-1/2"]
[WhiteElo "2330"]
[BlackElo "2510"]
[EventDate "1998.10.25"]
[PlyCount "58"]

1.e4 e5 2.Nf3 Nc6 3.Nc3 Nf6 4.d4 exd4 5.Nxd4 Bb4 6.Nxc6 bxc6 7.Bd3 d5 8.
exd5 cxd5 9.Qe2+ Be7 10.Bg5 O-O 11.O-O-O Bg4 12.f3 Be6 13.Rhe1 h6 14.Bh4 
Qd6 15.Bg3 Qb6 16.Nb5 c5 17.c4 Rac8 18.Kb1 Rfe8 19.Nc3 d4 20.Ne4 Nxe4 21.
fxe4 Bg5 22.Rf1 Bd7 23.h4 Be3 24.Bf4 Bxf4 25.Rxf4 Re5 26.Rdf1 Rf8 27.g4 f6
28.Qg2 Qe6 29.g5 Qh3 1/2-1/2

[Event "13th Pan-American ch"]
[Site "San Felipe VEN"]
[Date "1998.11.03"]
[Round "8"]
[White "Ginzburg, Maximiliano"]
[Black "Ivanov, Alexander"]
[Result "1/2-1/2"]
[WhiteElo "2490"]
[BlackElo "2510"]
[EventDate "1998.10.25"]
[PlyCount "121"]

1.e4 e5 2.Nf3 Nc6 3.Bb5 a6 4.Bxc6 dxc6 5.O-O f6 6.d3 Be6 7.Be3 Bd6 8.d4 
Ne7 9.Nbd2 Ng6 10.c3 Qd7 11.dxe5 fxe5 12.Ng5 Bg8 13.Qe2 O-O-O 14.Rfd1 h6 
15.Ngf3 Be7 16.Qf1 Qd3 17.Qxd3 Rxd3 18.Nb3 Rxd1+ 19.Rxd1 b6 20.g3 Be6 21.
Kg2 a5 22.Nc1 c5 23.h4 Bf6 24.Re1 Rd8 25.a3 a4 26.Re2 Rd1 27.Re1 Rxe1 28.
Nxe1 Ne7 29.Ncd3 Nc6 30.Kf1 Na5 31.Ke2 Nc4 32.Bc1 Kd7 33.f4 exf4 34.Bxf4 
Bg4+ 35.Nf3 c6 36.Kf2 Ke6 37.Nd2 Nxd2 38.Bxd2 Bd1 39.Nf4+ Kf7 40.Ng2 Bc2 
41.Kf3 Bd1+ 42.Kf2 Bc2 43.Kf3 b5 44.Ne3 Bb3 45.Nf5 Bd1+ 46.Kf2 Ke6 47.Ne3 
Bb3 48.Ke2 h5 49.Be1 b4 50.Kd3 bxa3 51.bxa3 c4+ 52.Nxc4 Bxc4+ 53.Kxc4 Be7 
54.Bd2 Bxa3 55.Bf4 Be7 56.Kd3 g6 57.Kc2 Bd6 58.Kb2 Bc5 59.Kc2 Bd6 60.Kb2 
Kd7 61.Kc2 1/2-1/2

[Event "13th Pan-American ch"]
[Site "San Felipe VEN"]
[Date "1998.11.03"]
[Round "8"]
[White "Paschall, William"]
[Black "Dumont, Sadi Glasser"]
[Result "1-0"]
[WhiteElo "2365"]
[BlackElo "2365"]
[EventDate "1998.10.25"]
[PlyCount "75"]

1.d4 Nf6 2.c4 c5 3.d5 b5 4.cxb5 a6 5.b6 Qxb6 6.Nc3 d6 7.Nf3 g6 8.e4 Bg7 9.
Be2 O-O 10.Nd2 Nbd7 11.Nc4 Qd8 12.Bf4 a5 13.a4 Ba6 14.Na3 Bxe2 15.Qxe2 Nb6
16.O-O Nh5 17.Bd2 Bxc3 18.bxc3 Nxa4 19.Nc4 Nb6 20.Nxa5 Qd7 21.g4 Nf6 22.h3
e6 23.Bh6 exd5 24.Bxf8 Rxf8 25.exd5 Nfxd5 26.Qf3 f5 27.Nc4 fxg4 28.Nxb6 
Nxb6 29.Qxg4 Qf7 30.Rae1 Nd5 31.Qe6 Nf4 32.Qxf7+ Rxf7 33.Kh2 d5 34.Re8+ 
Kg7 35.Rc8 g5 36.f3 h5 37.h4 gxh4 38.Rxc5 1-0

[Event "13th Pan-American ch"]
[Site "San Felipe VEN"]
[Date "1998.11.03"]
[Round "8"]
[White "Sequera Paolini, Jose"]
[Black "Garcia, Gildardo"]
[Result "0-1"]
[WhiteElo "2340"]
[BlackElo "2510"]
[EventDate "1998.10.25"]
[PlyCount "58"]

1.e4 Nf6 2.Nc3 d5 3.e5 Ne4 4.Nce2 f6 5.d3 Ng5 6.Bxg5 fxg5 7.h4 gxh4 8.Nf4 
g6 9.Rxh4 Bg7 10.d4 c5 11.Qd3 Bf5 12.Qb5+ Nc6 13.Bd3 O-O 14.Bxf5 Rxf5 15.
Ne6 Nxd4 16.Nxd4 cxd4 17.Nf3 e6 18.Rxd4 Bxe5 19.Nxe5 Rxe5+ 20.Kf1 Qc7 21.
Qd3 Rf8 22.Kg1 Rh5 23.g3 Qe5 24.f4 Qg7 25.Re1 e5 26.Rxd5 exf4 27.Rd7 Qxb2 
28.Rd6 f3 29.Rxg6+ hxg6 0-1

[Event "13th Pan-American ch"]
[Site "San Felipe VEN"]
[Date "1998.11.04"]
[Round "9"]
[White "Dumont, Sadi Glasser"]
[Black "Sequera Paolini, Jose"]
[Result "1/2-1/2"]
[WhiteElo "2365"]
[BlackElo "2340"]
[EventDate "1998.10.25"]
[PlyCount "120"]

1.e4 e6 2.d3 d5 3.Nd2 Nf6 4.Ngf3 b6 5.c3 Be7 6.e5 Nfd7 7.d4 c5 8.Bd3 Ba6 
9.Bxa6 Nxa6 10.Qe2 Nc7 11.O-O c4 12.b3 b5 13.a4 a6 14.Ba3 O-O 15.Rfc1 cxb3
16.Bxe7 Qxe7 17.Nxb3 Rfb8 18.a5 Ne8 19.Ne1 Rc8 20.Nd3 g6 21.Nd2 Ng7 22.Nf1
Rc7 23.Ne3 Rd8 24.Nb4 Nb8 25.Ng4 Ne8 26.Nd3 Rdc8 27.Qd2 h5 28.Ne3 Ng7 29.
g3 Nc6 30.Nf4 Qd8 31.Nd3 Kh7 32.Kg2 Ra7 33.Qa2 Ne7 34.Qa3 Ngf5 35.Nc2 Nc6 
36.h4 Rac7 37.Nce1 Kg7 38.Nf3 Nfe7 39.Nc5 Nb8 40.Rab1 Nec6 41.Ra1 Qe7 42.
Qb2 Ra7 43.Qd2 Nd7 44.Nd3 Qd8 45.Qf4 Nf8 46.Ng5 Nh7 47.Nc5 Qe7 48.Nd3 Rac7
49.g4 Rh8 50.Rh1 hxg4 51.Qxg4 Nxg5 52.hxg5 Rcc8 53.Qf4 Rxh1 54.Rxh1 Rh8 
55.Qf6+ Qxf6 56.gxf6+ Kg8 57.Rxh8+ Kxh8 58.Nc5 Nxa5 59.Nxa6 Nc4 60.Kf3 Kh7
1/2-1/2

[Event "13th Pan-American ch"]
[Site "San Felipe VEN"]
[Date "1998.11.04"]
[Round "9"]
[White "Leitao, Rafael"]
[Black "Paschall, William"]
[Result "1-0"]
[WhiteElo "2550"]
[BlackElo "2365"]
[EventDate "1998.10.25"]
[PlyCount "77"]

1.d4 d5 2.c4 dxc4 3.e3 Nf6 4.Bxc4 a6 5.Nf3 Nc6 6.Nc3 Bg4 7.h3 Bh5 8.g4 Bg6
9.d5 Na7 10.Ne5 Nd7 11.Nxg6 hxg6 12.e4 c6 13.Bf4 Nb6 14.Bb3 cxd5 15.exd5 
Nb5 16.Nxb5 axb5 17.Qd3 e5 18.Bxe5 Bb4+ 19.Kf1 O-O 20.Qd4 Nd7 21.Bg3 Bc5 
22.Qd3 Qf6 23.Kg2 Ne5 24.Qc3 Rfe8 25.Qxc5 Qf3+ 26.Kh2 Nd3 27.Qd4 Re4 28.
Qb6 Re2 29.Bd1 Rae8 30.Bxe2 Rxe2 31.Rhf1 f5 32.gxf5 gxf5 33.d6 f4 34.Bh4 
Qe4 35.d7 Ne5 36.Qd6 Kh7 37.Qxe5 Qxe5 38.d8=Q f3+ 39.Bg3 1-0

[Event "13th Pan-American ch"]
[Site "San Felipe VEN"]
[Date "1998.11.04"]
[Round "9"]
[White "Rohl Montes, Juan"]
[Black "Ginzburg, Maximiliano"]
[Result "1/2-1/2"]
[WhiteElo "2330"]
[BlackElo "2490"]
[EventDate "1998.10.25"]
[PlyCount "78"]

1.e4 e5 2.Nf3 Nc6 3.Bb5 Nd4 4.Bc4 Qf6 5.Nxd4 exd4 6.O-O Bc5 7.e5 Qg6 8.d3 
Ne7 9.Nd2 O-O 10.Ne4 Bb6 11.Ng3 d5 12.exd6 Qxd6 13.Qf3 Ng6 14.Qh5 Qc5 15.
Qxc5 Bxc5 16.Re1 h6 17.Bd2 Kh7 18.b4 Bb6 19.f4 f5 20.a4 a5 21.bxa5 Bxa5 
22.Bxa5 Rxa5 23.Ne2 c5 24.c3 dxc3 25.Nxc3 Nxf4 26.Re7 b6 27.g3 Ng6 28.Rc7 
f4 29.Re1 f3 30.Kf2 Bg4 31.Bd5 Bf5 32.Be4 Ne5 33.h3 Bxe4 34.Rxe4 Nxd3+ 35.
Kf1 c4 36.Rexc4 Rg5 37.g4 Rg6 38.Rd4 Nf4 39.Nd5 Nxh3 1/2-1/2